000 00588nam a2200217 a 4500
001 BRCA_5737
005 20190320205210.0
008 040311s1913----gw-abl####---#000-0#ger-#
020 _a978-3-942562-16-4
041 _ager
044 _agw
050 4 _aDD771
_b.T64 1913
100 1 _aToeche Mittler, Siegfried
_914555
245 1 0 _aDie Deutsche Kriegsflotte 1913
_cSiegfried Toeche Mittler.
260 _aBerlín
_bMittler and Sohn
_c1913
300 _a60 p.
_bil., mapas
_c22 cm.
500 _aH54
650 1 4 _aMarina
_xHistoria
_zBerlín
_914556
902 _aGFM
942 _2lcc
_cB
999 _c5427
_d5427